| 000 | 00525nam a2200217 454500 | ||
|---|---|---|---|
| 001 | 036979 | ||
| 003 | BD-ChCU | ||
| 008 | Eng | ||
| 020 | _ax | ||
| 040 |
_aDLC _cDLC _dBD-ChCU |
||
| 082 | 0 | 0 | _a157/C692a |
| 100 | 1 |
_aColeman, James C. _bx |
|
| 245 | 1 | 0 |
_aAbnormal Psychology and Modern life _bx |
| 250 | _a2 | ||
| 260 |
_aChicago, Dallas _bScoff, Foresman _c1956 |
||
| 300 | _axii, 676 | ||
| 504 | _aIncludes | ||
| 650 | 0 |
_aPsychology, Pathological _bPsychology, Pathological |
|
| 700 | 1 | _ax | |
| 942 |
_2ddc _cBK |
||
| 999 |
_c36979 _d36979 |
||